000 01093nam a2200277 a 4500
001 BRL_1431
005 20190320211212.0
008 140114s1974----nyuaob####---#000-0#eng-#
020 _a0870702270
041 _aeng
044 _anyu
050 4 _aNK8887
_b.S54 1974
100 1 _aSieber, Roy
_d1923-2001
_926885
245 1 0 _aAfrican textiles and decorative arts
_cby Roy Sieber.
260 _aNew York
_bMuseum of Modern Art
_c1974
300 _a239 p.
_bil., fotografías (a color), mapas
_c29 cm
500 _aAu1666
500 _aThe exhibition to be held at the Museum of Modern Art, New York, Oct. 11, 1972-Jan. 31, 1973, the Los Angeles County Museum of Art, March 20-May 31, 1973, the M. H. de Young Memorial Museum, San Francisco, July 2-Aug. 31, 1973, and the Cleveland Museum of Art, Oct 3-Dec. 2, 1973.
504 _aBibliografía: p. 229-238
650 1 4 _aTelas
_zÁfrica
_926663
650 1 4 _aTextiles
_zÁfrica
_926662
650 1 4 _aDecoración y ornamentación
_zÁfrica
_926886
710 2 _aMuseum of Modern Art (New York)
_926887
902 _aGRL
942 _2lcc
_cB
999 _c10241
_d10241